000 00740nam a22001817a 4500
003 UA-OsUOA
001 13836
007 ta
008 20030622b un ||||| |||| 00| 0 ukr d
100 _aЗабрідний О.
942 _cSA
040 _aUA-OsUOA
_cUA-OsUOA
_dUA-OsUOA
245 _aМайбутнє - за нами
_b[Бесіда ж-ста О.Забрідного з чл. Соц. партії України, студентом Укр. держ. ун-ту водного госп-ва та природокористування В.Колесником]
300 _aС.2
955 _a0
773 0 _w0
_tРівненський діалог
_dРівне
_d2003
_g№22/6 черв./
650 7 _aКраєзнавча робота
_2UDC
999 _c299997
_d299997